| 000 | 00637cab a2200229 4500 | ||
|---|---|---|---|
| 001 | WB2315-08 | ||
| 008 | 090401t1987 xxu||||| |||| 00| 0 eng d | ||
| 035 | _a(Sirsi) u60005 | ||
| 041 | _aeng | ||
| 245 | _aInformation on computer | ||
| 260 | _c1987 | ||
| 350 | _a0 | ||
| 490 |
_aBuilding Design _vNo 830 3/4/87 p3 |
||
| 520 | _aA company to promote computerised information exchange in the construction industry has been set up. | ||
| 650 | _aCOMPUTERS | ||
| 650 | _aEDICON | ||
| 650 | _aELECTRONIC DATA EXCHANGE | ||
| 650 | _aPROPERTY SERVICES AGENCY | ||
| 690 | _aBUILT ENVIRONMENT | ||
| 942 | _n0 | ||
| 948 | _c04/03/1997 | ||
| 999 |
_c36938 _d36938 |
||